[Event "RM-2020-0-00197"]
[Site "LSS email"]
[Date "2020.01.29"]
[Round "?"]
[White "Prakash, Om"]
[Black "Nemchenko, Valery"]
[Result "1-0"]
[WhiteElo "2203"]
[BlackElo "2508"]
[PlyCount "45"]
[EventDate "2020.01.20"]
[EventType "tourn (corr)"]
[EventRounds "6"]
[EventCountry "GER"]
[SourceTitle "Corr 2022"]
[Source "ChessBase"]
[SourceDate "2021.10.24"]
[SourceVersion "1"]
[SourceVersionDate "2021.10.24"]
[SourceQuality "1"]

1. e4 e5 2. Nf3 Nc6 3. Bb5 a6 4. Ba4 Nf6 5. 0-0 b5 6. Bb3 Be7 7. d4 d6 8. c3 0-0 9. h3 h6 10. Re1 Na5 11. Bc2 Bb7 12. Nbd2 Re8 13. dxe5 dxe5 14. Nxe5 Bd6 15. Nef3 Nc4 16. Nxc4 bxc4 17. Qd4 Nd7 18. Qxc4 Nb6 19. Qd3 f6 20. e5 Bxf3 21. Qh7+ Kf8 22. Bxh6 gxh6 23. Bg6 1-0

[Event "RM-2020-0-00197"]
[Site "LSS email"]
[Date "2020.01.29"]
[Round "?"]
[White "Sorcinelli, Andrea"]
[Black "Prakash, Om"]
[Result "1/2-1/2"]
[WhiteElo "2321"]
[BlackElo "2203"]
[PlyCount "76"]
[EventDate "2020.01.20"]
[EventType "tourn (corr)"]
[EventRounds "6"]
[EventCountry "GER"]
[SourceTitle "Corr 2022"]
[Source "ChessBase"]
[SourceDate "2021.10.24"]
[SourceVersion "1"]
[SourceVersionDate "2021.10.24"]
[SourceQuality "1"]

1. e4 e5 2. Nf3 Nc6 3. Bb5 Nf6 4. Nc3 Bb4 5. 0-0 0-0 6. d3 Bxc3 7. bxc3 d6 8. Bg5 h6 9. Bh4 a6 10. Bxc6 bxc6 11. Rb1 Qe7 12. Re1 Qe6 13. Nd2 Nd7 14. f3 Nb6 15. Nf1 Qg6 16. Ne3 f5 17. Nxf5 Bxf5 18. exf5 Qxf5 19. c4 c5 20. Qd2 a5 21. h3 a4 22. Rf1 Qf7 23. Bg3 Nd7 24. f4 exf4 25. Rxf4 Nf6 26. Rbf1 Qg6 27. R1f3 Nh5 28. Rg4 Qe6 29. Re4 Qg6 30. Rg4 Qe6 31. Re4 Qd7 32. Rxf8+ Rxf8 33. Bh4 Qf5 34. Qe1 Nf4 35. Bg3 Nh5 36. Bf2 Nf4 37. Bg3 Nh5 38. Bf2 Nf4 1/2-1/2